00669nam a2200193Ia 4500008004100000020001700041082001200058100001900070245011700089250000700206260001900213300002900232500001900261600003300280650001500313942000700328952012300335999001700458240925s9999 xx 000 0 und d a978935096474 a823 CAN aCanfield, Jack 0aChicken Soup for the Soul Teacher Tales: 101 inspirational stories from great teachers and appreciative students aNA aNAbNAc,2009. axxi,682p.bN.AfOriginal aIncludes Index aHumanities & Natural Science aLiterature cBK 001040708HUMaUITUbUITUd2010-09-27eLiberty Booksg495.00l0o823 CANpQ8430r2024-09-25 07:14:57w2024-09-25yBK c10929d10929